00381nam a2200157Ia 4500008004100000041000800041082001900049100002300068245002200091250000800113260003300121300001100154650001800165650002200183700001800205260407s2023 xx 000 0 und d aeng a615/YADb12061 aDR. ADHIKRAO YADAV aPHARMACY PRACTICE a3RD aPUNEbNIRALI PRAKASHANc2023 a12.58p aPHARMACEUTICS aPHARMACY PRACTICE aASHWINI DUBAL